平成に消滅・改称した熊本県の市町村 - Statistics

General Stats
  • This quiz has been taken 20 times
  • The average score is 53 of 69
Answer Stats
変更年月日 変更内容 回答 変更後の市町村 % Correct
2005.01/15 新設合併 三角町 宇城市
100%
2006.02/27 新設合併 合志町 合志市
100%
2006.02/27 新設合併 西合志町 合志市
100%
2006.03/27 新設合併 本渡市 天草市
100%
2006.03/27 新設合併 牛深市 天草市
100%
2010.03/23 編入合併 植木町 熊本市
100%
2004.11/01 新設合併 中央町 美里町
90%
2005.01/15 新設合併 山鹿市 山鹿市
90%
2005.01/15 新設合併 松橋町 宇城市
90%
2005.02/11 新設合併 一の宮町 阿蘇市
90%
2005.02/11 新設合併 阿蘇町 阿蘇市
90%
2005.02/11 新設合併 波野村 阿蘇市
90%
2005.02/11 新設合併 蘇陽町 山都町
90%
2005.02/13 新設合併 久木野村 南阿蘇村
90%
2005.02/13 新設合併 長陽村 南阿蘇村
90%
2005.03.22 新設合併 菊池市 菊池市
90%
2005.08/01 新設合併 八代市 八代市
90%
2005.10/03 新設合併 玉名市 玉名市
90%
2005.10/03 新設合併 岱明町 玉名市
90%
2006.03/01 新設合併 菊水町 和水町
90%
2006.03/01 新設合併 三加和町 和水町
90%
2006.03/27 新設合併 天草町 天草市
90%
2003.04/01 新設合併 上村 あさぎり町
80%
2003.04/01 新設合併 免田町 あさぎり町
80%
2003.04/01 新設合併 岡原村 あさぎり町
80%
2003.04/01 新設合併 須恵村 あさぎり町
80%
2004.03/31 新設合併 姫戸町 上天草市
80%
2004.03/31 新設合併 龍ヶ岳町 上天草市
80%
2004.11/01 新設合併 砥用町 美里町
80%
2005.01/01 新設合併 田浦町 芦北町
80%
2005.01/01 新設合併 芦北町 芦北町
80%
2005.01/15 新設合併 鹿北町 山鹿市
80%
2005.01/15 新設合併 菊鹿町 山鹿市
80%
2005.01/15 新設合併 鹿央町 山鹿市
80%
2005.01/15 新設合併 不知火町 宇城市
80%
2005.01/15 新設合併 小川町 宇城市
80%
2005.02/11 新設合併 矢部町 山都町
80%
2005.02/11 新設合併 清和村 山都町
80%
2005.02/13 新設合併 白水村 南阿蘇村
80%
2005.08/01 新設合併 坂本村 八代市
80%
2005.08/01 新設合併 千丁町 八代市
80%
2005.08/01 新設合併 泉村 八代市
80%
2005.10/01 新設合併 竜北町 氷川町
80%
2006.03/27 新設合併 五和町 天草市
80%
2006.03/27 新設合併 河浦町 天草市
80%
2008.10/06 編入合併 富合町 熊本市
80%
2005.01/15 新設合併 豊野町 宇城市
70%
2005.03.22 新設合併 七城町 菊池市
70%
2005.03.22 新設合併 旭志村 菊池市
70%
2005.03.22 新設合併 泗水町 菊池市
70%
2005.10/03 新設合併 横島町 玉名市
70%
2005.10/03 新設合併 天水町 玉名市
70%
2010.03/23 編入合併 城南町 熊本市
70%
2003.04/01 新設合併 深田村 あさぎり町
60%
2004.03/31 新設合併 大矢野町 上天草市
60%
2004.03/31 新設合併 松島町 上天草市
60%
2005.01/15 新設合併 鹿本町 山鹿市
60%
2005.08/01 新設合併 鏡町 八代市
60%
2005.10/01 新設合併 宮原町 氷川町
60%
2006.03/27 新設合併 有明町 天草市
60%
2006.03/27 新設合併 御所浦町 天草市
60%
2006.03/27 新設合併 倉岳町 天草市
60%
2006.03/27 新設合併 栖本町 天草市
60%
2006.03/27 新設合併 新和町 天草市
60%
1991.02/01 編入合併 北部町 熊本市
50%
1991.02/01 編入合併 河内町 熊本市
50%
1991.02/01 編入合併 飽田町 熊本市
40%
2005.08/01 新設合併 東陽町 八代市
40%
1991.02/01 編入合併 天明町 熊本市
30%
No matching quizzes found
Score Distribution
Percent of People with Each Score
Percentile by Number Answered
Your Score History
You have not taken this quiz